| 000 | 00768nam a22002777a 4500 | ||
|---|---|---|---|
| 001 | 200461542 | ||
| 003 | TR-AnTOB | ||
| 005 | 20241119104310.0 | ||
| 008 | 240704b tu ||||| |||| 00| 0 tur d | ||
| 020 | _a9789752421530 | ||
| 040 |
_aTR-AnTOB _beng _erda _cTR-AnTOB |
||
| 041 | _atur | ||
| 092 |
_a580.2 _bSEN 2018 |
||
| 100 | 1 |
_aSencanski, Tomislav _9146083 |
|
| 245 |
_aDeneylerle büyüleyici doğa / _cTomislav Sencanski |
||
| 250 | _a 1. bs. | ||
| 260 |
_aİstanbul : _bTeleskop ; _c2018. |
||
| 300 |
_a95 Pages. : _bill. ; _c28 cm. |
||
| 336 |
_atext _btxt _2rdacontent |
||
| 337 |
_aunmediated _bn _2rdamedia |
||
| 338 |
_avolume _bnc _2rdacarrier |
||
| 653 | _adeneyler | ||
| 942 |
_2ddc _cBK |
||
| 999 |
_c200461542 _d79754 |
||